Statistics for [路線図付き] 静岡鉄道 静岡清水線 駅名穴埋めクイズ

Click here to take the quiz!

General Stats

  • This quiz has been taken 25 times
  • The average score is 8 of 15

Answers on the Map

Answers color-coded by a green-red scale on the quiz's map according to % correct below.
 

Answer Stats

Answer% Correct
静岡清水線S01新清水
91%
静岡清水線S15新清水
91%
静岡清水線S10草薙
87%
静岡清水線S02日吉町
57%
静岡清水線S09県立美術館前
52%
静岡清水線S05柚木
52%
静岡清水線S12狐ケ崎
48%
静岡清水線S08県総合運動場
48%
静岡清水線S06長沼
48%
静岡清水線S03音羽町
48%
静岡清水線S14入江岡
43%
静岡清水線S13桜橋
39%
静岡清水線S04春日町
39%
静岡清水線S11御門台
30%
静岡清水線S07古庄
30%

Score Distribution

Percentile by Number Answered

Percent of People with Each Score

Your Score History

You have not taken this quiz